Quantification of vessel dimension geometric versus densitometric measurements /
Saved in:
| 主要作者: | |
|---|---|
| 格式: | Thesis 圖書 |
| 語言: | English |
| 出版: |
2000.
|
| 主題: | |
| 標簽: |
添加標簽
沒有標簽, 成為第一個標記此記錄!
|
| LEADER | 00835nam a2200229 a 4500 | ||
|---|---|---|---|
| 001 | u684476 | ||
| 003 | SIRSI | ||
| 008 | 940827s2000 my t 00 1 eng m | ||
| 035 | |a ACL-1882 | ||
| 040 | |a UMP | ||
| 096 | |a WN110 |b UM 2000 Leo | ||
| 100 | 1 | 0 | |a Leong, Tse Tung. |
| 245 | 1 | 0 | |a Quantification of vessel dimension geometric versus densitometric measurements / |c Leong Tse Tung. |
| 260 | |c 2000. | ||
| 300 | |a iv, 44 leaves : |b ill. ; |c 30 cm. | ||
| 502 | |a Dissertation (M.Med.Phy) -- Department of Radiology, Faculty of Medicine, University of Malaya, 2000. | ||
| 504 | |a Bibliography: leaves 40-41. | ||
| 650 | 2 | |a Angiography. | |
| 710 | 2 | 0 | |a Universiti Malaya. |b Jabatan Radiologi. |
| 948 | |a 04/07/2000 |b 04/07/2000 | ||
| 596 | |a 2 | ||
| 999 | |a WN110 UM 2000 LEO |w NLM |c 1 |i A503021161 |d 1/7/2005 |f 1/7/2005 |g 3 |l TESIS |m P02MEDKL |r Y |s Y |t TESIS |u 30/5/2005 | ||
